[Event "MDA-ch"]
[Site "Kishinev"]
[Date "2022.02.27"]
[Round "9"]
[White "Triboi, Alexander"]
[Black "Chiriac, Daniel"]
[Result "1/2-1/2"]
[WhiteElo "2016"]
[BlackElo "1969"]
[PlyCount "20"]
[EventDate "2022.02.19"]
[EventType "swiss"]
[EventRounds "9"]
[EventCountry "MDA"]
[SourceTitle "EXT 2023"]
[Source "ChessBase"]
[SourceDate "2022.10.05"]
[SourceVersion "1"]
[SourceVersionDate "2022.10.05"]
[SourceQuality "1"]

1. d4 Nf6 2. c4 e6 3. g3 d5 4. Nf3 Be7 5. Bg2 0-0 6. Nc3 c6 7. 0-0 Nbd7 8. Qd3 b6 9. cxd5 cxd5 10. Bf4 Nh5 1/2-1/2

[Event "Basel Special op"]
[Site "Basel"]
[Date "2021.07.19"]
[Round "4"]
[White "Urh, Zala"]
[Black "Chiriac, Daniel"]
[Result "1/2-1/2"]
[WhiteElo "2168"]
[BlackElo "1923"]
[PlyCount "91"]
[EventDate "2021.07.17"]
[EventType "swiss"]
[EventRounds "6"]
[EventCountry "SUI"]
[SourceTitle "CBM 203 Extra"]
[Source "ChessBase"]
[SourceDate "2021.09.30"]
[SourceVersion "1"]
[SourceVersionDate "2021.09.30"]
[SourceQuality "1"]

1. d4 c6 2. c4 d5 3. Nf3 Nf6 4. e3 e6 5. b3 Nbd7 6. Bb2 Bd6 7. Bd3 0-0 8. Qc2 Qc7 9. 0-0 Re8 10. Nbd2 e5 11. cxd5 cxd5 12. Qxc7 Bxc7 13. dxe5 Nxe5 14. Nxe5 Bxe5 15. Bxe5 Rxe5 16. Nf3 Re7 17. Rfc1 Be6 18. Rc2 a6 19. Rac1 Kf8 20. Nd4 Ke8 21. Rc7 Rd8 22. Kf1 Rxc7 23. Rxc7 Rd7 24. Rc8+ Rd8 25. Rc2 Kd7 26. Bf5 g6 27. Bxe6+ fxe6 28. Ke2 e5 29. Nf3 Kd6 30. b4 Rf8 31. Nd2 Kd7 32. Nb3 b6 33. a4 Rc8 34. Rxc8 Kxc8 35. a5 Kb7 36. Kd3 Ng4 37. f4 exf4 38. exf4 Nxh2 39. Kd4 bxa5 40. Nxa5+ Kb6 41. Kxd5 Kb5 42. Nc6 Nf1 43. Nb8 Ne3+ 44. Ke4 Nxg2 45. f5 gxf5+ 46. Kxf5 1/2-1/2

[Event "Targu Mures op"]
[Site "Targu Mures"]
[Date "2019.10.20"]
[Round "7"]
[White "Chiriac, Daniel"]
[Black "Ognean, Mihnea Ionut"]
[Result "0-1"]
[WhiteElo "1836"]
[BlackElo "2285"]
[PlyCount "48"]
[EventDate "2019.10.17"]
[EventType "swiss"]
[EventRounds "7"]
[EventCountry "ROU"]
[SourceTitle "CBM 192 Extra"]
[Source "Chessbase"]
[SourceDate "2019.11.06"]
[SourceVersion "1"]
[SourceVersionDate "2019.11.06"]
[SourceQuality "1"]

1. c4 e5 2. Nc3 Nf6 3. g3 c6 4. d4 exd4 5. Qxd4 d5 6. cxd5 cxd5 7. Bg2 Nc6 8. Qd1 d4 9. Ne4 Bb4+ 10. Bd2 0-0 11. Bxb4 Nxb4 12. Qd2 Nxe4 13. Qxb4 a5 14. Qa3 Re8 15. Rd1 Qb6 16. Qd3 Qb4+ 17. Kf1 Bf5 18. Qxd4 Qe7 19. Qe3 Qc7 20. Nh3 Rad8 21. Rxd8 Qxd8 22. Ke1 Qd6 23. a3 Rd8 24. Qd3 Qc7 0-1

[Event "Targu Mures op"]
[Site "Targu Mures"]
[Date "2019.10.20"]
[Round "6"]
[White "Rosca, Vasile Benone"]
[Black "Chiriac, Daniel"]
[Result "0-1"]
[WhiteElo "2017"]
[BlackElo "1836"]
[PlyCount "50"]
[EventDate "2019.10.17"]
[EventType "swiss"]
[EventRounds "7"]
[EventCountry "ROU"]
[SourceTitle "CBM 192 Extra"]
[Source "Chessbase"]
[SourceDate "2019.11.06"]
[SourceVersion "1"]
[SourceVersionDate "2019.11.06"]
[SourceQuality "1"]

1. e4 c5 2. f4 d6 3. Nf3 Nf6 4. Bb5+ Bd7 5. Bxd7+ Qxd7 6. Nc3 Nc6 7. 0-0 g6 8. d3 Bg7 9. Ne2 0-0 10. c3 Rad8 11. Be3 b5 12. Qd2 b4 13. Ng3 Ng4 14. d4 bxc3 15. bxc3 Nxe3 16. Qxe3 cxd4 17. cxd4 Rb8 18. Rab1 Rb7 19. d5 Na5 20. Nd2 Qa4 21. Ne2 Rxb1 22. Rxb1 Qxa2 23. Rc1 Nb7 24. Rc7 Nc5 25. Nd4 Qa1+ 0-1

[Event "EU-ch U12 26th"]
[Site "Prague"]
[Date "2016.08.27"]
[Round "9"]
[White "Chiriac, Daniel"]
[Black "Decuigniere, Tom"]
[Result "0-1"]
[WhiteElo "1687"]
[BlackElo "1878"]
[PlyCount "88"]
[EventDate "2016.08.18"]
[EventType "swiss"]
[EventRounds "9"]
[EventCountry "CZE"]
[SourceTitle "CBM 174 Extra"]
[Source "ChessBase"]
[SourceDate "2016.10.10"]
[SourceVersion "1"]
[SourceVersionDate "2016.10.10"]
[SourceQuality "1"]

1. e4 c5 2. Nf3 g6 3. d4 cxd4 4. Nxd4 Nc6 5. Nc3 Bg7 6. Be3 Nf6 7. f3 0-0 8. g4 Nxd4 9. Bxd4 d6 10. Qd2 Qa5 11. Nb5 Qxd2+ 12. Kxd2 Bd7 13. c3 a6 14. Nc7 Rac8 15. Bxf6 Bxf6 16. Nd5 Kg7 17. h4 e6 18. Nb6 Rc7 19. Rd1 Bc6 20. Ke3 Rd8 21. Be2 d5 22. exd5 exd5 23. a4 a5 24. Rd3 Be7 25. b4 axb4 26. cxb4 Bxb4 27. Rc1 Ba5 28. Rb3 d4+ 29. Kf2 Bxa4 30. Rxc7 Bxb3 31. Rc5 Bxb6 32. Rb5 Rd6 33. Rxb3 d3+ 34. Rxb6 Rxb6 35. Bxd3 Kf6 36. Ke3 Rb3 37. Kd4 Rxd3+ 38. Kxd3 Ke5 39. Ke3 b5 40. f4+ Kd5 41. h5 b4 42. hxg6 hxg6 43. f5 g5 44. f6 Ke5 0-1

[Event "EU-ch U12 26th"]
[Site "Prague"]
[Date "2016.08.24"]
[Round "6"]
[White "Solomon, Asif"]
[Black "Chiriac, Daniel"]
[Result "1-0"]
[WhiteElo "2057"]
[BlackElo "1687"]
[PlyCount "58"]
[EventDate "2016.08.18"]
[EventType "swiss"]
[EventRounds "9"]
[EventCountry "CZE"]
[SourceTitle "CBM 174 Extra"]
[Source "ChessBase"]
[SourceDate "2016.10.10"]
[SourceVersion "1"]
[SourceVersionDate "2016.10.10"]
[SourceQuality "1"]

1. Nf3 Nf6 2. g3 Nc6 3. Bg2 e6 4. 0-0 d5 5. d3 Bd6 6. Nbd2 e5 7. e4 dxe4 8. Nxe4 Nxe4 9. dxe4 Qe7 10. Be3 Be6 11. c3 0-0 12. Qe2 Rad8 13. b4 f6 14. Nd2 Qf7 15. f4 Ne7 16. a4 g6 17. Rfb1 f5 18. Nf3 Bc4 19. Qc2 exf4 20. gxf4 Bxf4 21. Bxf4 Bd3 22. Qxd3 Rxd3 23. Ne5 Qg7 24. Nxd3 Qxc3 25. Nf2 fxe4 26. Bh6 Rf7 27. Rd1 Nd5 28. Nxe4 Qe5 29. Rxd5 Qxd5 1-0

[Event "EU-ch U12 26th"]
[Site "Prague"]
[Date "2016.08.22"]
[Round "5"]
[White "Chiriac, Daniel"]
[Black "Budisavljevic, Luka"]
[Result "1/2-1/2"]
[WhiteElo "1687"]
[BlackElo "1993"]
[PlyCount "70"]
[EventDate "2016.08.18"]
[EventType "swiss"]
[EventRounds "9"]
[EventCountry "CZE"]
[SourceTitle "CBM 174 Extra"]
[Source "ChessBase"]
[SourceDate "2016.10.10"]
[SourceVersion "1"]
[SourceVersionDate "2016.10.10"]
[SourceQuality "1"]

1. e4 c5 2. Nf3 e6 3. d4 cxd4 4. Nxd4 a6 5. Nc3 b5 6. Bd3 Qb6 7. Nb3 Qc7 8. Bd2 Bb7 9. Qe2 b4 10. Nd1 Nf6 11. f4 Nc6 12. 0-0 d6 13. Be3 Be7 14. Nf2 e5 15. Ng4 exf4 16. Bxf4 0-0 17. Rad1 Nxg4 18. Qxg4 Ne5 19. Qg3 Ng6 20. Bg5 Bxg5 21. Qxg5 Rfe8 22. Rfe1 Re5 23. Qd2 Qb6+ 24. Qf2 Qxf2+ 25. Kxf2 Rae8 26. Nd2 Kf8 27. a3 bxa3 28. bxa3 d5 29. exd5 Rxd5 30. Rxe8+ Kxe8 31. Rb1 Rd7 32. Ne4 Bxe4 33. Bxe4 Ra7 34. Ke3 Kd7 35. Kd4 Kd6 1/2-1/2

[Event "EU-ch U12 26th"]
[Site "Prague"]
[Date "2016.08.21"]
[Round "4"]
[White "Harutyunyan, Safar"]
[Black "Chiriac, Daniel"]
[Result "0-1"]
[WhiteElo "1867"]
[BlackElo "1687"]
[PlyCount "68"]
[EventDate "2016.08.18"]
[EventType "swiss"]
[EventRounds "9"]
[EventCountry "CZE"]
[SourceTitle "CBM 174 Extra"]
[Source "ChessBase"]
[SourceDate "2016.10.10"]
[SourceVersion "1"]
[SourceVersionDate "2016.10.10"]
[SourceQuality "1"]

1. e4 c5 2. Nc3 e6 3. Nf3 a6 4. d4 cxd4 5. Nxd4 d6 6. Be3 Nf6 7. Bc4 Be7 8. Bb3 Qc7 9. a4 0-0 10. 0-0 Nc6 11. f4 Na5 12. Qe2 Bd7 13. g4 Bc6 14. Bf2 Nxb3 15. cxb3 Rfd8 16. g5 Ne8 17. b4 e5 18. Nf5 b6 19. Kh1 Rd7 20. b5 axb5 21. axb5 Rxa1 22. Rxa1 Bb7 23. Qd2 Kf8 24. Rd1 f6 25. fxe5 fxe5 26. Bh4 Qc4 27. Qe3 g6 28. Nh6 Ng7 29. Re1 Rc7 30. Rd1 Ne6 31. Ng4 Nf4 32. Nf6 Qb3 33. Rf1 Bxf6 34. Qxb6 Qc2 0-1

[Event "Wch U10"]
[Site "Durban"]
[Date "2014.09.22"]
[Round "4"]
[White "Chiriac, Daniel"]
[Black "Peng, Shunkai"]
[Result "0-1"]
[WhiteElo "1370"]
[BlackElo "1704"]
[PlyCount "81"]
[EventDate "2014.09.20"]
[EventType "swiss"]
[EventRounds "11"]
[EventCountry "RSA"]
[SourceTitle "CBM 162 Extra"]
[Source "ChessBase"]
[SourceDate "2014.10.17"]
[SourceVersion "1"]
[SourceVersionDate "2014.10.17"]
[SourceQuality "1"]

1. e4 c5 2. Nf3 d6 3. d4 cxd4 4. Nxd4 Nf6 5. Nc3 a6 6. Be3 e6 7. Be2 Be7 8. 0-0 Qc7 9. f4 b5 10. a3 Bb7 11. Bf3 Nbd7 12. Nb3 0-0 13. Qe2 Rac8 14. Rad1 Nc5 15. Nxc5 dxc5 16. Rd2 Rfd8 17. Rfd1 Rxd2 18. Rxd2 Rd8 19. e5 Nd7 20. Ne4 Bxe4 21. Bxe4 Nb6 22. b3 c4 23. Rxd8+ Qxd8 24. Bb7 Qc7 25. Bxa6 Nd5 26. Bxb5 Nxe3 27. Qxe3 Bc5 28. Kf2 Bxe3+ 29. Kxe3 Qc5+ 30. Kd2 Qxb5 31. Kc3 cxb3 32. cxb3 Qc5+ 33. Kb2 Qd4+ 34. Kc2 Qe4+ 35. Kc3 Kf8 36. b4 Ke7 37. a4 Kd7 38. b5 Qxa4 39. g3 Qxb5 40. Kd4 Qd5+ 41. Ke3 0-1